[Event "Dhaka Elegant Chess Academy 1st"]
[Site "Dhaka"]
[Date "2024.07.14"]
[Round "4.2"]
[White "Mahindrakar, Indrajeet"]
[Black "Ahmed, Feroz"]
[Result "1-0"]
[WhiteElo "2129"]
[BlackElo "2090"]
[PlyCount "65"]
[EventDate "2024.07.11"]
[EventType "team-tourn"]
[EventRounds "11"]
[EventCountry "BAN"]
[SourceTitle "EXT 2025"]
[Source "ChessBase"]
[SourceDate "2024.10.14"]
[SourceVersion "1"]
[SourceVersionDate "2024.10.14"]
[SourceQuality "1"]
[WhiteTeam "Khelagaor Daba SSangha"]
[BlackTeam "Sadharan Bima Corporation"]
[WhiteTeamCountry "BAN"]
[BlackTeamCountry "BAN"]

1. d4 Nf6 2. Bg5 Ne4 3. Bf4 c5 4. d5 Qb6 5. Nd2 Qxb2 6. Nxe4 Qb4+ 7. c3 Qxe4 8. e3 e6 9. dxe6 dxe6 10. Bxb8 Rxb8 11. Bb5+ Ke7 12. Nf3 a6 13. Bd3 Qc6 14. 0-0 f6 15. Qc2 g6 16. c4 Bg7 17. a4 g5 18. Ra3 h5 19. e4 e5 20. Nd2 h4 21. Nb1 h3 22. g3 f5 23. Nc3 f4 24. Nd5+ Kf7 25. Rb1 Be6 26. Rab3 Rhd8 27. Rb6 Qc8 28. Qd1 g4 29. gxf4 Bxd5 30. exd5 exf4 31. Re6 Bf6 32. Rbb6 Bd4 33. Qxg4 1-0

[Event "BAN-chB 48th"]
[Site "Dhaka"]
[Date "2024.06.12"]
[Round "6"]
[White "Hamid, Rani"]
[Black "Ahmed, Feroz"]
[Result "0-1"]
[WhiteElo "1838"]
[BlackElo "2042"]
[PlyCount "74"]
[EventDate "2024.06.07"]
[EventType "swiss"]
[EventRounds "9"]
[EventCountry "BAN"]
[SourceTitle "EXT 2025"]
[Source "ChessBase"]
[SourceDate "2024.10.14"]
[SourceVersion "1"]
[SourceVersionDate "2024.10.14"]
[SourceQuality "1"]

1. e4 c5 2. Nf3 Nc6 3. d4 cxd4 4. Nxd4 e6 5. Nc3 Qc7 6. Be2 a6 7. Be3 Nf6 8. 0-0 Bb4 9. Nxc6 Qxc6 10. Bf3 Bxc3 11. bxc3 e5 12. c4 b5 13. c5 0-0 14. Qd3 Bb7 15. Rfd1 h6 16. Qc3 Qe6 17. Rd6 Qe7 18. Rad1 Bc6 19. Qa5 Rfb8 20. a3 Rb7 21. Qd2 a5 22. c3 b4 23. cxb4 axb4 24. axb4 Ra4 25. g4 Raxb4 26. g5 Nxe4 27. Bxe4 Rxe4 28. f3 Reb4 29. gxh6 Bxf3 30. Rxd7 Rg4+ 31. Kf1 Qf6 32. Rd6 Bg2+ 33. Ke2 Qf3+ 34. Kd3 Qe4+ 35. Ke2 Qf3+ 36. Kd3 Bf1+ 37. Rxf1 Qxf1+ 0-1

[Event "BAN-chB 48th"]
[Site "Dhaka"]
[Date "2024.06.11"]
[Round "5"]
[White "Ahmed, Feroz"]
[Black "Wadifa, Ahmed"]
[Result "1-0"]
[WhiteElo "2042"]
[BlackElo "1980"]
[PlyCount "165"]
[EventDate "2024.06.07"]
[EventType "swiss"]
[EventRounds "9"]
[EventCountry "BAN"]
[SourceTitle "EXT 2025"]
[Source "ChessBase"]
[SourceDate "2024.10.14"]
[SourceVersion "1"]
[SourceVersionDate "2024.10.14"]
[SourceQuality "1"]

1. c4 e6 2. Nf3 d5 3. d4 Nf6 4. e3 Nbd7 5. Bd3 c5 6. 0-0 Bd6 7. a3 0-0 8. b4 dxc4 9. dxc5 Bxc5 10. Bxc4 Be7 11. Qe2 a5 12. b5 a4 13. Bb2 Nb6 14. Ba2 Bd7 15. Nc3 Bd6 16. Ng5 Nbd5 17. Nxd5 Nxd5 18. Qh5 h6 19. Ne4 Qe7 20. Rfd1 f5 21. Nxd6 Qxd6 22. Qg6 Qe7 23. Rxd5 Be8 24. Qxg7+ Qxg7 25. Bxg7 Kxg7 26. Rd6 Bxb5 27. Bxe6 Rf6 28. Rad1 Re8 29. Ba2 Rxd6 30. Rxd6 Rc8 31. h3 Rc3 32. Be6 Rxa3 33. Bxf5 Ra1+ 34. Kh2 a3 35. Rg6+ Kf8 36. Be6 a2 37. Rg8+ Ke7 38. Bxa2 Rxa2 39. Rg7+ Kf6 40. Rxb7 Bc6 41. Rb6 Rc2 42. Kg3 Kg5 43. f3 Rc3 44. Ra6 Bb5 45. Rd6 Bc6 46. h4+ Kf5 47. Rxh6 Rc2 48. e4+ Ke5 49. Rh5+ Kd4 50. Rg5 Ke3 51. h5 Ba4 52. Ra5 Be8 53. Re5 Bf7 54. Rf5 Be8 55. e5 Rc5 56. h6 Bg6 57. Rg5 Bd3 58. Kh4 Rc1 59. e6 Kf4 60. Rg4+ Kf5 61. e7 Rh1+ 62. Kg3 Bb5 63. Rg8 Rxh6 64. Rf8+ Rf6 65. e8Q Bxe8 66. Rxe8 Rg6+ 67. Kf2 Ra6 68. Rb8 Ra2+ 69. Kg3 Ra5 70. Rf8+ Kg6 71. f4 Ra2 72. Rb8 Kf5 73. Rb5+ Kf6 74. Kh3 Ra1 75. Kg4 Ra8 76. Rb6+ Kf7 77. g3 Rg8+ 78. Kf3 Ra8 79. f5 Ra4 80. g4 Rc4 81. g5 Rc1 82. Rb7+ Kf8 83. Kg4 1-0

[Event "BAN-chB 48th"]
[Site "Dhaka"]
[Date "2024.06.07"]
[Round "1"]
[White "Ahmed, Feroz"]
[Black "Mohammad Fahad, Rahman"]
[Result "0-1"]
[WhiteElo "2042"]
[BlackElo "2437"]
[PlyCount "64"]
[EventDate "2024.06.07"]
[EventType "swiss"]
[EventRounds "9"]
[EventCountry "BAN"]
[SourceTitle "EXT 2025"]
[Source "ChessBase"]
[SourceDate "2024.10.14"]
[SourceVersion "1"]
[SourceVersionDate "2024.10.14"]
[SourceQuality "1"]

1. c4 e6 2. d4 d5 3. Bf4 Nf6 4. e3 Be7 5. Nc3 0-0 6. Bd3 dxc4 7. Bxc4 a6 8. a4 c5 9. dxc5 Qa5 10. Bd6 Rd8 11. Nge2 Ne4 12. 0-0 Nxc5 13. Bxe7 Rxd1 14. Rfxd1 Nc6 15. Bd6 Bd7 16. Rd2 Be8 17. Ra3 Rd8 18. e4 Nxe4 19. Nxe4 Rxd6 20. N2c3 Rxd2 21. Nxd2 Ne5 22. Be2 Bc6 23. h3 Qd8 24. Nde4 Qb6 25. Ra2 Qd4 26. a5 Bxe4 27. Ra4 Qd2 28. Rxe4 Qxb2 29. Rd4 g6 30. Rd8+ Kg7 31. Rc8 Nc6 32. Bxa6 Qxc3 0-1

[Event "Dhaka Metropolis op U2100"]
[Site "Dhaka"]
[Date "2022.10.19"]
[Round "3"]
[White "Ahmed, Feroz"]
[Black "Dewan, Shahidul Amin"]
[Result "0-1"]
[WhiteElo "2005"]
[BlackElo "1845"]
[PlyCount "85"]
[EventDate "2022.10.17"]
[EventType "swiss"]
[EventRounds "9"]
[EventCountry "BAN"]
[SourceTitle "EXT 2024"]
[Source "ChessBase"]
[SourceDate "2023.10.10"]
[SourceVersion "1"]
[SourceVersionDate "2023.10.10"]
[SourceQuality "1"]

1. c4 e6 2. Nf3 d5 3. g3 c6 4. Bg2 Bd6 5. 0-0 Nf6 6. b3 0-0 7. Bb2 Nbd7 8. d4 b6 9. Nc3 Ba6 10. Re1 Ne4 11. Nxe4 dxe4 12. Ne5 Bxe5 13. dxe5 Qc7 14. Bxe4 Nxe5 15. Bxe5 Qxe5 16. Bxc6 Rad8 17. Qc2 Rd6 18. Bf3 Rfd8 19. Rad1 h5 20. Rxd6 Qxd6 21. e3 Qd2 22. Re2 Qd6 23. Re1 Qd2 24. Rc1 g6 25. h4 Kf8 26. a3 Rd3 27. Qxd2 Rxd2 28. b4 Bc8 29. c5 b5 30. c6 a6 31. Rc3 Ke7 32. Kf1 e5 33. Ke1 Ra2 34. Bd5 Ra1+ 35. Ke2 f5 36. e4 Kd6 37. c7 Ke7 38. Rc6 Rxa3 39. Rxg6 Rc3 40. exf5 Bxf5 41. Rxa6 Rxc7 42. Rc6 Ra7 43. Rc5 0-1

[Event "Dhaka Chowdhury Memorial op-B 2nd"]
[Site "Dhaka"]
[Date "2022.07.02"]
[Round "1"]
[White "Tanvir, Alam1"]
[Black "Ahmed, Feroz"]
[Result "0-1"]
[WhiteElo "1653"]
[BlackElo "1976"]
[PlyCount "120"]
[EventDate "2022.07.02"]
[EventType "swiss"]
[EventRounds "9"]
[EventCountry "BAN"]
[SourceTitle "EXT 2023"]
[Source "ChessBase"]
[SourceDate "2022.10.05"]
[SourceVersion "1"]
[SourceVersionDate "2022.10.05"]
[SourceQuality "1"]

1. d4 Nf6 2. c4 d6 3. Nc3 g6 4. e4 Bg7 5. Be2 0-0 6. Be3 e5 7. dxe5 dxe5 8. Qxd8 Rxd8 9. Bg5 c6 10. Nf3 Re8 11. h3 Na6 12. Be3 Nh5 13. 0-0-0 Nf4 14. Bf1 f5 15. Nd2 Ne6 16. f3 f4 17. Bf2 Bf8 18. a3 Nac7 19. Nb3 a5 20. Na4 b5 21. Nb6 Ra6 22. a4 bxa4 23. Nxa4 Bb4 24. Be2 Ra8 25. c5 Rb8 26. Rd6 Nb5 27. Rxc6 Bd7 28. Rb6 Nbd4 29. Nxd4 Nxd4 30. Bxd4 exd4 31. Rxb8 Rxb8 32. Bc4+ Kg7 33. Nb6 Be8 34. Nd5 Bxc5 35. Nxf4 a4 36. Ne6+ Kf6 37. Nxc5 Rc8 38. b4 axb3 39. Nxb3 Rxc4+ 40. Kd2 Ba4 41. Na1 Rb4 42. Rc1 Ke5 43. g3 Rb2+ 44. Nc2 g5 45. Kd3 Bb5+ 46. Kd2 d3 47. Ke3 Rxc2 48. f4+ Ke6 49. Rb1 d2 50. Rd1 Rc3+ 51. Kxd2 Rxg3 52. fxg5 Rd3+ 53. Kc2 Rxd1 54. Kxd1 Ke5 55. Ke1 Kxe4 56. Kf2 Kf4 57. Kg1 Kxg5 58. Kh2 Kh4 59. Kg2 Bd7 60. Kh2 Bc6 0-1

[Event "Dhaka Marcel op"]
[Site "Dhaka"]
[Date "2022.04.23"]
[Round "5"]
[White "Bappi, Ab"]
[Black "Ahmed, Feroz"]
[Result "0-1"]
[WhiteElo "1756"]
[BlackElo "1914"]
[PlyCount "71"]
[EventDate "2022.04.19"]
[EventType "swiss"]
[EventRounds "9"]
[EventCountry "BAN"]
[SourceTitle "EXT 2023"]
[Source "ChessBase"]
[SourceDate "2022.10.05"]
[SourceVersion "1"]
[SourceVersionDate "2022.10.05"]
[SourceQuality "1"]

1. Nf3 Nf6 2. c4 g6 3. d4 Bg7 4. Nc3 0-0 5. e4 d6 6. h3 e5 7. d5 Nh5 8. g4 Nf4 9. Bxf4 exf4 10. Qd2 f5 11. gxf5 gxf5 12. exf5 Bxf5 13. 0-0-0 Nd7 14. Bd3 Bxd3 15. Qxd3 Nc5 16. Qc2 a6 17. Ne4 Nxe4 18. Qxe4 Qf6 19. Qd4 b5 20. Qxf6 Bxf6 21. Rhg1+ Kh8 22. cxb5 axb5 23. Kb1 Ra4 24. Rd3 Rfa8 25. Rb3 Rxa2 26. Rxb5 Ra1+ 27. Kc2 Rxg1 28. Nxg1 Rg8 29. Ne2 Rg2 30. Rb8+ Kg7 31. b4 Rxf2 32. Kd3 Rf3+ 33. Kd2 Rxh3 34. Rc8 f3 35. Rxc7+ Kh6 36. Rf7 0-1

[Event "BAN-chT 1st League"]
[Site "Dhaka"]
[Date "2022.03.19"]
[Round "10.4"]
[White "Ahmed, Feroz"]
[Black "Jodunath, Biswas"]
[Result "1/2-1/2"]
[WhiteElo "1886"]
[BlackElo "1877"]
[PlyCount "52"]
[EventDate "2022.03.10"]
[EventType "team-tourn"]
[EventRounds "11"]
[EventCountry "BAN"]
[SourceTitle "EXT 2023"]
[Source "ChessBase"]
[SourceDate "2022.10.05"]
[SourceVersion "1"]
[SourceVersionDate "2022.10.05"]
[SourceQuality "1"]
[WhiteTeam "Sonali Bank Sports"]
[BlackTeam "Sangbadik Shahnoor Khan"]
[WhiteTeamCountry "BAN"]
[BlackTeamCountry "BAN"]

1. c4 Nf6 2. Nf3 d6 3. d4 Bg4 4. e3 c6 5. Nc3 Nbd7 6. Be2 e5 7. 0-0 Qc7 8. d5 c5 9. h3 Bh5 10. e4 Be7 11. Ne1 Bxe2 12. Qxe2 0-0 13. Nd3 Rfe8 14. f4 Bf8 15. f5 a6 16. Kh1 h6 17. Bd2 Rab8 18. a4 b6 19. Rf2 Nh7 20. Ne1 Be7 21. Nf3 Ndf6 22. g4 Nd7 23. h4 Qd8 24. Rh2 f6 25. Rg1 Ndf8 26. g5 fxg5 1/2-1/2

[Event "BAN-chT 1st League"]
[Site "Dhaka"]
[Date "2022.03.15"]
[Round "6.4"]
[White "Ahmed, Feroz"]
[Black "Islam, Kazi Taherul"]
[Result "1-0"]
[WhiteElo "1886"]
[BlackElo "1946"]
[PlyCount "97"]
[EventDate "2022.03.10"]
[EventType "team-tourn"]
[EventRounds "11"]
[EventCountry "BAN"]
[SourceTitle "EXT 2023"]
[Source "ChessBase"]
[SourceDate "2022.10.05"]
[SourceVersion "1"]
[SourceVersionDate "2022.10.05"]
[SourceQuality "1"]
[WhiteTeam "Sonali Bank Sports"]
[BlackTeam "Basir Memorial"]
[WhiteTeamCountry "BAN"]
[BlackTeamCountry "BAN"]

1. c4 Nf6 2. Nf3 g6 3. d4 Bg7 4. Nc3 d6 5. g3 c6 6. Bg2 Qc7 7. 0-0 e5 8. e4 Bg4 9. h3 Bxf3 10. Bxf3 0-0 11. Be3 Nbd7 12. Bg2 Ne8 13. d5 f5 14. exf5 gxf5 15. dxc6 bxc6 16. Nd5 Qd8 17. Nb4 e4 18. Nxc6 Qc7 19. Ne7+ Kh8 20. Nxf5 Qxc4 21. Nxg7 Nxg7 22. Qxd6 Nf6 23. Rac1 Qxa2 24. Bd4 Rad8 25. Qb4 a5 26. Qc3 Qe6 27. Rcd1 Rde8 28. Rfe1 Qf5 29. g4 Qg6 30. Qxa5 h5 31. g5 Nh7 32. h4 Rf4 33. Qc7 Rxh4 34. Bxg7+ Qxg7 35. Rd7 Qg6 36. f4 Rg4 37. Rd8 Nf8 38. Qc3+ Kg8 39. Rxe8 Qxe8 40. Qc4+ Qe6 41. Qxe4 Qxe4 42. Rxe4 Ne6 43. Kh2 Nxf4 44. Bf3 Rxg5 45. Rxf4 Rb5 46. b4 Kg7 47. Bc6 Re5 48. b5 Re2+ 49. Kh3 1-0

[Event "BAN-chT 1st League"]
[Site "Dhaka"]
[Date "2022.03.14"]
[Round "5.4"]
[White "Uten"]
[Black "Ahmed, Feroz"]
[Result "1-0"]
[WhiteElo "1986"]
[BlackElo "1886"]
[PlyCount "75"]
[EventDate "2022.03.10"]
[EventType "team-tourn"]
[EventRounds "11"]
[EventCountry "BAN"]
[SourceTitle "EXT 2023"]
[Source "ChessBase"]
[SourceDate "2022.10.05"]
[SourceVersion "1"]
[SourceVersionDate "2022.10.05"]
[SourceQuality "1"]
[WhiteTeam "Esoft Arena"]
[BlackTeam "Sonali Bank Sports"]
[WhiteTeamCountry "BAN"]
[BlackTeamCountry "BAN"]

1. e4 c5 2. Nf3 a6 3. d4 cxd4 4. Nxd4 Nf6 5. Bd3 e5 6. Nf3 Nc6 7. 0-0 Be7 8. Nc3 0-0 9. Nd5 d6 10. Nxe7+ Nxe7 11. Bg5 Ng6 12. Nh4 Nf4 13. Bxf4 exf4 14. Qf3 Ng4 15. Nf5 Bxf5 16. exf5 Qh4 17. Qxf4 g5 18. fxg6 fxg6 19. Bc4+ Kg7 20. Qd4+ Rf6 21. h3 h5 22. f3 b5 23. Bd5 Rc8 24. c3 Re8 25. fxg4 Re2 26. Qa7+ Kh6 27. Rxf6 Qxf6 28. Rf1 Qe5 29. Qf7 hxg4 30. hxg4 Kg5 31. Be6 Qg3 32. Qf6+ Kh6 33. g5+ Kh5 34. Bd5 Rxb2 35. Bf3+ Kh4 36. Qxg6 Qxg5 37. Qh7+ Kg3 38. Qh2# 1-0

[Event "Dhaka Al Mahmud Memorial"]
[Site "Dhaka"]
[Date "2022.02.12"]
[Round "8"]
[White "Ahmed, Feroz"]
[Black "Ghosh, Chanchal Kumer"]
[Result "0-1"]
[WhiteElo "1901"]
[BlackElo "2074"]
[PlyCount "44"]
[EventDate "2022.02.05"]
[EventType "swiss"]
[EventRounds "9"]
[EventCountry "BAN"]
[SourceTitle "CBM 206 Extra"]
[Source "ChessBase"]
[SourceDate "2022.03.31"]
[SourceVersion "1"]
[SourceVersionDate "2022.03.31"]
[SourceQuality "1"]

1. c4 e5 2. Nc3 Nc6 3. g3 Bc5 4. Bg2 a6 5. Nf3 d6 6. 0-0 Nge7 7. e3 Ba7 8. h3 0-0 9. d4 exd4 10. exd4 Nf5 11. Ne2 Re8 12. g4 Nh4 13. Nxh4 Qxh4 14. d5 Ne5 15. b3 Bxg4 16. Be3 Nf3+ 17. Bxf3 Bxf3 18. Kh2 Bxe3 19. fxe3 Rxe3 20. Rxf3 Rxf3 21. Ng1 Qg3+ 22. Kh1 Rf2 0-1

[Event "Dhaka Al Mahmud Memorial"]
[Site "Dhaka"]
[Date "2022.02.06"]
[Round "2"]
[White "Ahmed, Feroz"]
[Black "Sumi, Akter"]
[Result "1-0"]
[WhiteElo "1901"]
[BlackElo "1311"]
[PlyCount "51"]
[EventDate "2022.02.05"]
[EventType "swiss"]
[EventRounds "9"]
[EventCountry "BAN"]
[SourceTitle "EXT 2023"]
[Source "ChessBase"]
[SourceDate "2022.10.05"]
[SourceVersion "1"]
[SourceVersionDate "2022.10.05"]
[SourceQuality "1"]

1. c4 c6 2. d4 d5 3. Nc3 Nf6 4. e3 Bf5 5. Nf3 e6 6. Be2 Be7 7. 0-0 0-0 8. a3 c5 9. dxc5 Bxc5 10. b4 Bd6 11. c5 Bc7 12. Bb2 b6 13. Nd4 bxc5 14. Nxf5 cxb4 15. Nxd5 exd5 16. axb4 Qd7 17. Bd3 Qe6 18. Qf3 g6 19. Nd4 Qd6 20. g3 Nbd7 21. Nb5 Ne5 22. Bxe5 Qxe5 23. Nxc7 Rac8 24. Nb5 Rb8 25. Nxa7 Rxb4 26. Nc6 1-0

[Event "Dhaka Sheikh Russel op"]
[Site "Dhaka"]
[Date "2021.10.22"]
[Round "4"]
[White "Ahmed, Feroz"]
[Black "Mehdi, Hasan Parag"]
[Result "0-1"]
[WhiteElo "2014"]
[BlackElo "2154"]
[PlyCount "92"]
[EventDate "2021.10.19"]
[EventType "swiss"]
[EventRounds "9"]
[EventCountry "BAN"]
[SourceTitle "CBM 204 Extra"]
[Source "ChessBase"]
[SourceDate "2021.11.30"]
[SourceVersion "1"]
[SourceVersionDate "2021.11.30"]
[SourceQuality "1"]

1. c4 c6 2. d4 d5 3. cxd5 cxd5 4. Nc3 Nf6 5. Bf4 Nc6 6. e3 Bf5 7. Qb3 Na5 8. Qa4+ Bd7 9. Bb5 Nc6 10. Qd1 e6 11. Nf3 Bb4 12. 0-0 Qa5 13. Bd3 0-0 14. Bg5 Bxc3 15. bxc3 Ne4 16. c4 Nxg5 17. Nxg5 h6 18. Nf3 dxc4 19. Bxc4 Ne7 20. Rb1 b5 21. Bb3 Bc6 22. Qd3 Ng6 23. e4 Rad8 24. Qe3 Qc7 25. Rbc1 Qb7 26. Rfe1 a5 27. a3 Rfe8 28. h4 f6 29. h5 Nf8 30. Nh4 Kh8 31. f4 f5 32. e5 Bd5 33. Bd1 b4 34. axb4 axb4 35. g4 Qe7 36. g5 Ra8 37. Qh3 Ra3 38. Re3 Qa7 39. Rc5 Ra1 40. Re1 Qa3 41. Qh2 Qd3 42. gxh6 Rxd1 43. hxg7+ Kxg7 44. Rc7+ Kh6 45. Qf2 Qh3 46. Ng2 Rxe1+ 0-1

[Event "Dhaka Sheikh Russel op"]
[Site "Dhaka"]
[Date "2021.10.19"]
[Round "1"]
[White "Ahmed, Feroz"]
[Black "Laxman, Rajaram"]
[Result "0-1"]
[WhiteElo "2014"]
[BlackElo "2411"]
[PlyCount "44"]
[EventDate "2021.10.19"]
[EventType "swiss"]
[EventRounds "9"]
[EventCountry "BAN"]
[SourceTitle "CBM 204 Extra"]
[Source "ChessBase"]
[SourceDate "2021.11.30"]
[SourceVersion "1"]
[SourceVersionDate "2021.11.30"]
[SourceQuality "1"]

1. c4 e5 2. Nf3 e4 3. Nd4 Nf6 4. g3 d5 5. Qa4+ Bd7 6. Qb3 c5 7. Nc2 d4 8. Bg2 Bc6 9. d3 exd3 10. Bxc6+ Nxc6 11. Qxd3 Qd7 12. Bf4 0-0-0 13. Nd2 h6 14. Nf3 Qe6 15. h4 Ng4 16. 0-0 Be7 17. Kg2 g5 18. hxg5 hxg5 19. Nxg5 Bxg5 20. Bxg5 Nge5 21. Rh1 Nxd3 22. Bxd8 Qe4+ 0-1

[Event "Dhaka Walton op"]
[Site "Dhaka"]
[Date "2021.06.17"]
[Round "3"]
[White "Ahmed, Feroz"]
[Black "Zia, Tahsin Tajwar"]
[Result "0-1"]
[WhiteElo "2005"]
[BlackElo "2178"]
[PlyCount "76"]
[EventDate "2021.06.15"]
[EventType "swiss"]
[EventRounds "9"]
[EventCountry "BAN"]
[SourceTitle "EXT 2022"]
[Source "ChessBase"]
[SourceDate "2021.10.06"]
[SourceVersion "1"]
[SourceVersionDate "2021.10.06"]
[SourceQuality "1"]

1. c4 e6 2. Nf3 d5 3. e3 Nf6 4. d4 a6 5. Nc3 b6 6. Ne5 Bb7 7. Qa4+ c6 8. Be2 b5 9. cxb5 axb5 10. Qc2 Nbd7 11. f4 b4 12. Na4 Qa5 13. b3 c5 14. 0-0 Rc8 15. Qd1 Nxe5 16. dxe5 Nd7 17. f5 Nxe5 18. Bb2 Bd6 19. fxe6 fxe6 20. Bd3 Nxd3 21. Bxg7 Rg8 22. Qh5+ Kd7 23. Rf7+ Kc6 24. Qxh7 Ba6 25. h4 Be5 26. h5 Bxg7 27. Rxg7 Rxg7 28. Qxg7 Qc7 29. Qg6 Qe5 30. Rf1 Qxe3+ 31. Kh2 Nf4 32. Rxf4 Qxf4+ 33. g3 Qf2+ 34. Kh3 Bf1+ 35. Kh4 Qh2+ 36. Kg4 Bh3+ 37. Kf4 Rf8+ 38. Kg5 Qxg3+ 0-1

[Event "Dhaka Bangabandhu op-B"]
[Site "Dhaka"]
[Date "2021.03.16"]
[Round "8"]
[White "Islam, Kazi Taherul"]
[Black "Ahmed, Feroz"]
[Result "0-1"]
[WhiteElo "1957"]
[BlackElo "1959"]
[PlyCount "49"]
[EventDate "2021.03.09"]
[EventType "swiss"]
[EventRounds "9"]
[EventCountry "BAN"]
[SourceTitle "CBM 201 Extra"]
[Source "ChessBase"]
[SourceDate "2021.05.31"]
[SourceVersion "1"]
[SourceVersionDate "2021.05.31"]
[SourceQuality "1"]

1. Nf3 d5 2. d4 c5 3. e3 Nc6 4. Bd3 Bg4 5. c3 e6 6. 0-0 Nf6 7. Nbd2 Bd6 8. dxc5 Bxc5 9. b4 Bd6 10. Bb2 0-0 11. a3 e5 12. Be2 e4 13. Ne1 Ne5 14. Rc1 b5 15. Bxg4 Nexg4 16. g3 Qc7 17. h3 Ne5 18. Qc2 g6 19. Rd1 Rac8 20. Nb3 h6 21. Nd4 Qd7 22. Kg2 Rfe8 23. Ra1 Nc4 24. Bc1 Rc7 25. Qd1 0-1

[Event "BAN-chT"]
[Site "Dhaka"]
[Date "2019.12.17"]
[Round "11.2"]
[White "Ahmed, Feroz"]
[Black "Islam, Khandaker Aminul"]
[Result "0-1"]
[WhiteElo "1936"]
[BlackElo "2206"]
[PlyCount "64"]
[EventDate "2019.12.07"]
[EventType "team-tourn"]
[EventRounds "11"]
[EventCountry "BAN"]
[SourceTitle "CBM 194 Extra"]
[Source "ChessBase"]
[SourceDate "2020.03.31"]
[SourceVersion "1"]
[SourceVersionDate "2020.03.31"]
[SourceQuality "1"]
[WhiteTeam "Access"]
[BlackTeam "Bangladesh Navy"]
[WhiteTeamCountry "BAN"]
[BlackTeamCountry "BAN"]

1. c4 c6 2. d4 d5 3. Nc3 Nf6 4. Nf3 g6 5. h3 Bg7 6. Bf4 dxc4 7. e4 b5 8. Qc2 Na6 9. a4 Qa5 10. Bd2 b4 11. Nd1 c3 12. bxc3 b3 13. Qb1 0-0 14. Bd3 Rb8 15. 0-0 c5 16. Ne5 Qb6 17. a5 Qb7 18. Bf4 cxd4 19. Nxg6 hxg6 20. Bxa6 Qxa6 21. Bxb8 dxc3 22. Nxc3 Nd7 23. Nd5 Nxb8 24. Nxe7+ Kh7 25. Qxb3 Be6 26. Qa3 Re8 27. Rac1 Bf8 28. Rc7 Nd7 29. Qe3 Bxe7 30. Rxa7 Qb5 31. Qc3 Bf6 32. Qc2 Qb4 0-1

[Event "BAN-chT"]
[Site "Dhaka"]
[Date "2019.12.16"]
[Round "10"]
[White "Ahmed, Feroz"]
[Black "Md, Ibrahim"]
[Result "1/2-1/2"]
[WhiteElo "1936"]
[BlackElo "1967"]
[PlyCount "38"]
[EventDate "2019.12.07"]
[EventType "team-tourn"]
[EventRounds "11"]
[EventCountry "BAN"]
[SourceTitle "CBM 194 Extra"]
[Source "ChessBase"]
[SourceDate "2020.03.31"]
[SourceVersion "1"]
[SourceVersionDate "2020.03.31"]
[SourceQuality "1"]
[WhiteTeam "Access"]
[BlackTeam "Sultana Kamal Smirity Patahgar"]
[WhiteTeamCountry "BAN"]
[BlackTeamCountry "BAN"]

1. c4 Nf6 2. g3 e6 3. Bg2 d5 4. Nf3 Be7 5. 0-0 0-0 6. b3 c5 7. e3 b6 8. cxd5 exd5 9. d4 Nbd7 10. dxc5 Nxc5 11. b4 Nce4 12. Qb3 Ba6 13. b5 Nc5 14. Qb2 Nd3 15. Qb3 Nc5 16. Qb2 Nd3 17. Qb3 Nc5 18. Qb2 Nd3 19. Qb3 Nc5 1/2-1/2

[Event "BAN-chT"]
[Site "Dhaka"]
[Date "2019.12.14"]
[Round "8.3"]
[White "Ahmed, Feroz"]
[Black "Rakesh, Kumar Jena"]
[Result "0-1"]
[WhiteElo "1936"]
[BlackElo "2335"]
[PlyCount "102"]
[EventDate "2019.12.07"]
[EventType "team-tourn"]
[EventRounds "11"]
[EventCountry "BAN"]
[SourceTitle "CBM 194 Extra"]
[Source "ChessBase"]
[SourceDate "2020.03.31"]
[SourceVersion "1"]
[SourceVersionDate "2020.03.31"]
[SourceQuality "1"]
[WhiteTeam "Access"]
[BlackTeam "Titas CC"]
[WhiteTeamCountry "BAN"]
[BlackTeamCountry "BAN"]

1. c4 e6 2. Nc3 b6 3. e4 Bb7 4. d4 Bb4 5. Bd3 f5 6. d5 fxe4 7. Bxe4 Nf6 8. Bg5 0-0 9. Qd3 h6 10. Bxf6 Qxf6 11. 0-0-0 Na6 12. Bh7+ Kh8 13. Ne4 Nc5 14. Nxf6 Nxd3+ 15. Bxd3 Rxf6 16. Be4 exd5 17. cxd5 Rxf2 18. Bf3 Rf8 19. Nh3 R2xf3 20. gxf3 Rxf3 21. Ng1 Rf5 22. Ne2 Bxd5 23. Rhf1 Rxf1 24. Rxf1 Bxa2 25. Nd4 Bc5 26. Nf5 Be6 27. Kc2 g6 28. Ng3 Kg7 29. Kd3 a5 30. Ne2 Bf5+ 31. Kc4 c6 32. h4 d5+ 33. Kc3 Be7 34. h5 Bf6+ 35. Kd2 Bxb2 36. hxg6 Kxg6 37. Ng3 Bg4 38. Ke3 Be5 39. Nh1 a4 40. Nf2 Bf5 41. Nd1 a3 42. Kd2 a2 43. Nc3 Bb1 44. Nxa2 Bxa2 45. Kc2 Bc4 46. Rf8 d4 47. Kb2 d3+ 48. Kb1 d2 49. Kc2 Bc3 50. Rd8 Bb4 51. Kb2 Be2 0-1